現在就是人生 : 何厚華與生命的交換日記

資料類型: Book 圖書   書目號:35527

Leader xxxxxxxxxx
001 __ PCLIS00035527
005 __ 20220121203710.0
010 0_ |a986-7494-75-X|b平裝|dNT$200
100 __ |a20051007d2005    m  y0chiy09      e
101 0_ |achi|aeng
102 __ |atw
105 __ |aa   z   000ey
200 1_ |a現在就是人生|e何厚華與生命的交換日記|f何厚華著
205 1_ |a初版
210 1_ |a臺北市|c春天出版|a臺北縣五股工業區|c凌域國際總經銷|d2005[民94]
215 1_ |a139, [15]面|c彩圖|d21公分|e1 CD
225 2_ |a何厚華作品|dHoward|v1
300 __ |a題名取自版權頁
300 __ |a部分內容為英文
300 __ |a封面及書背英文題名: Both sides now
517 1_ |a何厚華與生命的交換日記|zchi
517 1_ |aBoth sides now|zeng
681 __ |a855|b8746
681 __ |a855|b2174 88
700 _1 |a|b厚華|f1965- |4801 _0 |atw|b內湖高中|c20051007|gCCR
詳細館藏(共 1 筆)
索 書 號登 錄 號冊次號館別 / 館藏地流通類型狀態加入預約清單電子資源
855 / 8746 1015043  圖書館 / 一樓普通區 可外借30天 在館   

| 條列資料




目錄查詢 分類查詢 個人資料 圖書薦購 新書查詢 閉館日 排行榜 更多電子資源 Hami書城 線上資料庫 登出

From : 216.73.216.116

  本日流通累計至 19:02:55 借閱 : 9 次 續借 : 0 次 歸還 : 10 次 預約 : 0 次 電子資源 : 0 次


內湖高中圖書館  PCLIS 版本  25.5.0.2